Elementary mechanics of solids (Record no. 4447)

000 -LEADER
fixed length control field 00558nam a2200217 a 4500
001 - CONTROL NUMBER
control field 4447
003 - CONTROL NUMBER IDENTIFIER
control field BD-DhUET
008 - FIXED-LENGTH DATA ELEMENTS--GENERAL INFORMATION
fixed length control field 810420t19811980nyua b 001 0 eng
020 ## - INTERNATIONAL STANDARD BOOK NUMBER
International Standard Book Number 085226819X
040 ## - CATALOGING SOURCE
Original cataloging agency DLC
Transcribing agency DLC
Modifying agency BD-DhUET
082 ## - DEWEY DECIMAL CLASSIFICATION NUMBER
Classification number 531
Item number SIN/1980
100 ## - MAIN ENTRY--PERSONAL NAME
Personal name Singh, Pashupati Nath
245 10 - TITLE STATEMENT
Title Elementary mechanics of solids
250 ## - EDITION STATEMENT
Edition statement 1st ed.
260 ## - PUBLICATION, DISTRIBUTION, ETC. (IMPRINT)
Place of publication, distribution, etc. New Delhi
Name of publisher, distributor, etc. Wiley Eastern
Date of publication, distribution, etc. 1980
300 ## - PHYSICAL DESCRIPTION
Extent xvi, 616p.
Other physical details ill.
504 ## - BIBLIOGRAPHY, ETC. NOTE
Bibliography, etc Includes bibliographies
650 #0 - SUBJECT ADDED ENTRY--TOPICAL TERM
Topical term or geographic name as entry element Mechanics of solids
700 ## - ADDED ENTRY--PERSONAL NAME
Personal name Jha, Prem Kumar
942 ## - ADDED ENTRY ELEMENTS (KOHA)
Koha item type General Book
Holdings
Shelving location Lost status Source of classification or shelving scheme Date acquired Price effective from Koha date last seen Sublocation or collection (holding branch) Piece designation (barcode) Koha full call number Withdrawn status Damaged status Location (home branch) Koha normalized classification for sorting Not for loan Koha item type Copy number
Circulation section  2014-11-162014-11-162014-11-16Central Library, BUET59249531/SIN/1980  Central Library, BUET531_000000000000000_SIN_1980 General Book1
Circulation section  2015-03-102015-03-102015-03-10Central Library, BUET59250531/SIN/1980  Central Library, BUET531_000000000000000_SIN_1980 General Book2
Circulation section  2015-03-102015-03-102015-03-10Central Library, BUET59252531/SIN/1980  Central Library, BUET531_000000000000000_SIN_1980 General Book3
Circulation section  2015-03-102015-03-102015-03-10Central Library, BUET59245531/SIN/1980  Central Library, BUET531_000000000000000_SIN_1980 General Book4
Circulation section  2015-03-102015-03-102015-03-10Central Library, BUET59246531/SIN/1980  Central Library, BUET531_000000000000000_SIN_1980 General Book5
   2015-03-112015-03-112015-03-11Central Library, BUET 531/SIN/1980  Central Library, BUET531_000000000000000_SIN_1980 General Book6
Circulation section  2015-03-112015-03-112015-03-11Central Library, BUET59248531/SIN/1980  Central Library, BUET531_000000000000000_SIN_1980 General Book7
Circulation section  2015-03-112015-03-112015-03-11Central Library, BUET57348531/SIN/1980  Central Library, BUET531_000000000000000_SIN_1980 General Book8
Circulation section  2015-03-222015-03-222016-03-27Central Library, BUET55367531/SIN/1980  Central Library, BUET531_000000000000000_SIN_1980 General Book9
Reading section  2015-06-082015-06-082015-06-08Central Library, BUET59244531/SIN/1980  Central Library, BUET531_000000000000000_SIN_1980 Reading Item10
Reading section  2015-06-082015-06-082015-06-08Central Library, BUET59243531/SIN/1980  Central Library, BUET531_000000000000000_SIN_1980 Reading Item11